<?xml version="1.0" encoding="UTF-8"?>
<record
    xmlns:xsi="http://www.w3.org/2001/XMLSchema-instance"
    xsi:schemaLocation="http://www.loc.gov/MARC21/slim http://www.loc.gov/standards/marcxml/schema/MARC21slim.xsd"
    xmlns="http://www.loc.gov/MARC21/slim">

  <leader>02090nab a2200301 i 4500</leader>
  <controlfield tag="003">BR-BrBNA</controlfield>
  <controlfield tag="005">20260416164705.0</controlfield>
  <controlfield tag="008">260416b2019    bl.qr|pooa||| 00| 0 eng |</controlfield>
  <datafield tag="040" ind1=" " ind2=" ">
    <subfield code="a">BR-BrBNA</subfield>
    <subfield code="b">eng</subfield>
  </datafield>
  <datafield tag="072" ind1=" " ind2=" ">
    <subfield code="a">H10</subfield>
    <subfield code="b">4020</subfield>
  </datafield>
  <datafield tag="072" ind1=" " ind2=" ">
    <subfield code="b">3140</subfield>
  </datafield>
  <datafield tag="100" ind1=" " ind2=" ">
    <subfield code="a">Cantarelli, Edison Bisognin </subfield>
  </datafield>
  <datafield tag="100" ind1=" " ind2=" ">
    <subfield code="a">Costa, Ervandil Corr&#xEA;a </subfield>
  </datafield>
  <datafield tag="100" ind1=" " ind2=" ">
    <subfield code="a">Pezzutti, Ra&#xFA;l Vicente </subfield>
  </datafield>
  <datafield tag="100" ind1=" " ind2=" ">
    <subfield code="a">Zanetti, Ronald </subfield>
  </datafield>
  <datafield tag="100" ind1=" " ind2=" ">
    <subfield code="a">Fleck, Marciane Danniela </subfield>
  </datafield>
  <datafield tag="245" ind1=" " ind2=" ">
    <subfield code="a">Damage by Acromyrmex spp. to an Initial Pinus taeda L. Planting</subfield>
  </datafield>
  <datafield tag="500" ind1=" " ind2=" ">
    <subfield code="a">Publica&#xE7;&#xE3;o on-line; 20 ref.; 2 tables; 1 illus.; Summary (En)</subfield>
  </datafield>
  <datafield tag="520" ind1=" " ind2=" ">
    <subfield code="a">

ABSTRACT

The objective of this study is to evaluate the damage caused by Acromyrmex heyeri Forel, 1899
and Acromyrmex lobicornis Emery, 1887 to Pinus taeda L. seedlings during the first two months
after replanting. The experiment was conducted in the company Bosques del Plata, located in
the province of Corrientes, Argentina. The evaluations were carried out at seven, 14, 21, 36, 50
and 65 days after replanting the seedlings, when the number of dead, alive, non-attacked, alive
deneedled, and alive deneedled with cuts/damage to the apical bud by leaf-cutting ants was
quantified. The results allow us to conclude that A. heyeri and A. lobicornis are responsible for
losses to the order of 20.8% of the seedlings in an initial P. taeda stand at 65 days. The damage
caused to seedlings by the two leaf-cutting ant species is constant over time, in which A. lobicornis
is more voracious than A. heyeri.

Keywords: Acromyrmex heyeri, Acromyrmex lobicornis, leaf-cutting ants, forest pests.</subfield>
  </datafield>
  <datafield tag="650" ind1=" " ind2=" ">
    <subfield code="a">FORMIGA</subfield>
  </datafield>
  <datafield tag="650" ind1=" " ind2=" ">
    <subfield code="a">PRAGA DE PLANTA</subfield>
  </datafield>
  <datafield tag="650" ind1=" " ind2=" ">
    <subfield code="a">ACROMYRMEX MAYR</subfield>
  </datafield>
  <datafield tag="650" ind1=" " ind2=" ">
    <subfield code="a">PINUS TAEDA</subfield>
  </datafield>
  <datafield tag="773" ind1="0" ind2=" ">
    <subfield code="0">2929</subfield>
    <subfield code="9">347953</subfield>
    <subfield code="d">Rio de Janeiro-RJ Instituto de Florestas - UFRRJ 1994</subfield>
    <subfield code="o">2025-0452</subfield>
    <subfield code="t">Floresta e Ambiente (Brazil)</subfield>
    <subfield code="x">1415-0980  /  ISSN 2179-8087 0nline</subfield>
    <subfield code="g">v. 26(4) p. 1-7; (2019)</subfield>
    <subfield code="w">BR2026001194</subfield>
  </datafield>
  <datafield tag="856" ind1=" " ind2=" ">
    <subfield code="u">https://www.scielo.br/j/floram/a/YVTgy8hZsFJzhR4bV9bs9vg/?format=pdf&amp;lang=en</subfield>
  </datafield>
  <datafield tag="942" ind1=" " ind2=" ">
    <subfield code="c">ANA</subfield>
  </datafield>
  <datafield tag="999" ind1=" " ind2=" ">
    <subfield code="c">341419</subfield>
    <subfield code="d">341419</subfield>
  </datafield>
</record>
